Detalles MARC
| 000 -LIDER |
| fixed length control field |
01113nam a2200349 c 4500 |
| 001 - NÚMERO DE CONTROL |
| Identificador de número de control |
|
| 003 - IDENTIFICACDOR DE NÚMERO DE CONTROL |
| control field |
DO-SdBNP |
| 005 - DATE AND TIME OF LATEST TRANSACTION |
| control field |
20220927090940.0 |
| 007 - CAMPOS FIJOS DE DESCRIPCIÓN FÍSICA |
| fixed length control field |
3765 |
| 008 - ELEMENTOS DE LONGITUD FIJA |
| fixed length control field |
111128s2011 sp a | |||| 001 0 spa |
| 020 ## - ISBN |
| International Standard Book Number |
8430604391 |
| 035 ## - NÚMERO LOCAL |
| System control number |
|
| 040 ## - FUENTE DE CATALOGACIÓN |
| Agencia que crea de manera original el registro |
BPMSU |
| Idioma de catalogación |
spa |
| Agencia que realiza la transcripción |
BPMSU |
| Convenciones de la despripción |
|
| 080 ## - NÚMERO DE CLASIFICACIÓN DECIMAL UNIVERSAL |
| Universal Decimal Classification number |
|
| 080 ## - NÚMERO DE CLASIFICACIÓN DECIMAL UNIVERSAL |
| Universal Decimal Classification number |
|
| 082 #4 - NÚMERO DE CLASIFICACIÓN DECIMAL DE DEWEY |
| Classification number |
330.946 |
| Item number |
C117p 2002 |
| Edition number |
22 |
| 100 1# - ASIENTO PRINCIPAL -- NOMBRE PERSONAL |
| Nombre personal |
Cabrera, Mercedes |
| Fechas asociadas con el nombre |
1951- |
| 245 13 - MENCIÓN DE TITULO |
| Título |
El poder de los empresarios : |
| Subtítulo |
política y economía en la España contemporánea (1875-2010) |
| Mención de responsabilidad |
Mercedes Cabrera y Fernando del Rey |
| Medio (Designación general de material) |
|
| 250 ## - MENCIÓN DE EDICION |
| Mención de edición |
|
| 260 ## - PUBLICACIÓN, DISTRIBUCIÓN, ETC. (PIE DE IMPRENTA) |
| Lugar de publicación, distribución, etc |
Barcelona : |
| Nombre del editor, distribuidor, etc. |
Taurus, |
| Fecha de publicación, distribución, etc |
2002. |
| 300 ## - DESCRIPCIÓN FÍSICA |
| Extensión |
470 p. : |
| Otros detalles físicos |
il.; |
| Dimensiones |
24 cm |
| 490 ## - MENCIÓN DE SERIES |
| Mención de serie |
|
| 504 ## - NOTA DE BIBLIOGRAFÍA, ETC. |
| Bibliography, etc |
Bibliografía: p. 493-570 e índice |
| 590 ## - NOTA LOCAL |
| Enlace |
Inventariado, 2022/VM |
| 650 #4 - ENCABEZAMIENTO DE MATERIA--TEMÁTICO |
| Término temático o nombre geográfico como elemento de entrada |
Historia económica |
| Subdivisión geográfica |
España |
| Subdivisión cronológica |
1875-2000 |
| 650 #4 - ENCABEZAMIENTO DE MATERIA--TEMÁTICO |
| Término temático o nombre geográfico como elemento de entrada |
Empresarios |
| Subdivisión temática general |
Actividad política |
| Subdivisión geográfica |
España |
| Subdivisión cronológica |
1875-2000 |
| 651 #4 - ENCABEZAMIENTO DE MATERIA--NOMBRE GEOGRÁFICO |
| Nombre geográfico |
España |
| Subdivisión temática general |
Política económica |
| Subdivisión cronológica |
1875-2000 |
| 651 #4 - ENCABEZAMIENTO DE MATERIA--NOMBRE GEOGRÁFICO |
| Nombre geográfico |
España |
| Subdivisión temática general |
Condiciones económicas |
| -- |
Historia |
| Subdivisión cronológica |
1875-2000 |
| 700 1# - ASIENTO SECUNDARIO -- NOMBRE PERSONAL |
| Nombre personal |
Rey, Fernando del |
| Información miscelánea |
|
| 910 ## - VALIDACIÓN |
| Validación |
VMateo V./Validado. |
| 942 ## - ADDED ENTRY ELEMENTS (KOHA) |
| Source of classification or shelving scheme |
Dewey Decimal Classification |
| Koha item type |
Libros |